Podstawowy skład Argentyny z Mundialu 2022 - Statystyki

Ogólne statystyki
  • Ten quiz został rozwiązany 86 razy
  • Średni wynik to 7 z 11
Statystyki odpowiedzi
Hint Odpowiedź % Poprawnych
Napastnik Leo Messi
100%
Bramkarz Emiliano Martinez
97%
Napastnik Lautaro Martinez
94%
Obrońca Lisandro Martinez
94%
Pomocnik Angel Di Maria
81%
Pomocnik Rodrigo De Paul
63%
Obrońca Marcos Acuna
54%
Pomocnik Alexis Mac Allister
53%
Obrońca Nicolas Otamendi
51%
Obrońca Gonzalo Montiel
42%
Pomocnik Guido Rodriguez
7%
Nie znaleziono quizów pasujących do podanych kryteriów
Rozkład punktacji
Procent ludzi z każdym wynikiem
Percentyl według liczby udzielonych odpowiedzi
Twoja historia wyników
Nie rozwiązałeś tego quizu